Top 5 europejskich lig w piłce nożnej - Statystyki

Ogólne statystyki
  • Ten quiz został rozwiązany 68 razy
    67 od ostatniego zresetowania
  • Średni wynik to 4 z 5
Statystyki odpowiedzi
Top Liga % Poprawnych
1 Premier League|Anglia
100%
2 Serie A|Włochy
86%
4 Bundesliga|Niemcy
81%
3 La Liga|Hiszpania
81%
5 Ligue One|Francja
62%
Nie znaleziono quizów pasujących do podanych kryteriów
Rozkład punktacji
Procent ludzi z każdym wynikiem
Percentyl według liczby udzielonych odpowiedzi
Twoja historia wyników
Nie rozwiązałeś tego quizu od ostatniego zresetowania